| 000 | 01132nam a22002417a 4500 | ||
|---|---|---|---|
| 005 | 20240530110514.0 | ||
| 008 | 151224s2013 ua g b 000 0 ara d | ||
| 017 |
_a2012/13654 _bمصر . دار الكتب المصرية |
||
| 020 | _a9789773279936 | ||
| 040 | _aEG-CaGPL | ||
| 082 | 0 | 4 |
_221 _a366.6\ _bم ج |
| 100 | 0 | _aمحمود محمد هلال | |
| 245 | 1 | 2 |
_aالجهات المانحة الدولية و الجمعيات الاهلية : _bرؤية معاصرة لتمويل المشروعات التنموية و بناء القدرات المؤسسية / _cاعداد محمود محمد هلال ؛ تقديم ابراهيم عبدالهادى المليجى |
| 250 | _aط1 | ||
| 260 |
_aالاسكندرية : _bدار الوفاء لدنيا الطباعة و النشر ، _c2013 . |
||
| 300 |
_a455 ص ؛ _c24 سم . |
||
| 504 | _aيشتمل على ارجاعات ببليوجرافية | ||
| 650 | 0 | 4 | _aالجمعيات الاهلية |
| 650 | 0 | 4 | _aالتنمية |
| 700 | 0 |
_aابراهيم عبدالهادى المليجى _eمقدم |
|
| 942 |
_2ddc _cBK |
||
| 999 |
_c61739 _d61739 |
||